[Event "Scarborough CC ch reserves"]
[Site "Toronto CAN"]
[Date "2007.01.04"]
[Round "1"]
[White "Perez, Michael"]
[Black "Arfin, Sam"]
[Result "1-0"]
[WhiteElo "1653"]
[BlackElo "1346"]
[PlyCount "85"]
[GameId "2160767910739515"]
[EventDate "2007.01.04"]
[EventType "swiss"]
[EventRounds "9"]
[EventCountry "CAN"]
[SourceTitle "EXT 2022"]
[Source "ChessBase"]
[SourceDate "2021.10.06"]
[SourceVersion "1"]
[SourceVersionDate "2021.10.06"]
[SourceQuality "1"]

1. e4 c5 2. c3 d6 3. d4 cxd4 4. cxd4 a6 5. a4 Nc6 6. Bc4 e6 7. Nc3 Nf6 8. Bg5 Be7 9. a5 O-O 10. Nf3 Re8 11. Qd3 Nxa5 12. Ba2 b5 13. Bd2 Nc6 14. Ne2 Bb7 15. Rd1 Qc7 16. Bb1 g6 17. Rc1 Qd7 18. h4 Rec8 19. h5 Kf8 20. hxg6 fxg6 21. Ng5 Bd8 22. Nf4 e5 23. Nfe6+ Ke8 24. d5 Na7 25. Qh3 Rxc1+ 26. Bxc1 Ba5+ 27. Kf1 h5 28. Qf3 Qe7 29. Qg3 Rc8 30. Be3 Ra8 31. Nf3 Ng4 32. Bg5 Qf7 33. Nh4 Bc8 34. f3 Nf6 35. Bxf6 Qxf6 36. Qxg6+ Qxg6 37. Nxg6 Bd7 38. Rxh5 Kf7 39. Nh4 Bxe6 40. dxe6+ Kxe6 41. Ba2+ Kd7 42. Rh7+ Kc6 43. Bd5+ 1-0

[Event "Scarborough CC ch reserves"]
[Site "Toronto CAN"]
[Date "2007.01.04"]
[Round "1"]
[White "Roe, Jim"]
[Black "Ben Avraham, Mark"]
[Result "1-0"]
[WhiteElo "1560"]
[BlackElo "1113"]
[PlyCount "63"]
[GameId "2160767910739516"]
[EventDate "2007.01.04"]
[EventType "swiss"]
[EventRounds "9"]
[EventCountry "CAN"]
[SourceTitle "EXT 2022"]
[Source "ChessBase"]
[SourceDate "2021.10.06"]
[SourceVersion "1"]
[SourceVersionDate "2021.10.06"]
[SourceQuality "1"]

1. d4 Nf6 2. c4 d5 3. Nc3 Bf5 4. Qb3 Nc6 5. cxd5 Nxd4 6. Qa4+ c6 7. Qxd4 cxd5 8. Nf3 e6 9. e3 a6 10. Bd3 Bxd3 11. Qxd3 Bb4 12. Bd2 O-O 13. O-O Qd6 14. Rfe1 Rac8 15. Ne2 e5 16. Bxb4 Qxb4 17. Nxe5 Qd6 18. Nf3 Rfe8 19. Rad1 Re4 20. Ng3 Rg4 21. h3 Rg6 22. Qf5 Rh6 23. e4 g6 24. e5 gxf5 25. exd6 f4 26. Nf5 Rh5 27. N3d4 Kh8 28. Re7 Rg8 29. Kf1 f3 30. gxf3 Rxh3 31. Rxf7 Nh5 32. Ne7 1-0

[Event "Scarborough CC ch reserves"]
[Site "Toronto CAN"]
[Date "2007.01.04"]
[Round "1"]
[White "Shah, Vanshil"]
[Black "Douglas, Steven1"]
[Result "1-0"]
[WhiteElo "989"]
[BlackElo "1589"]
[PlyCount "33"]
[GameId "2160767910739517"]
[EventDate "2007.01.04"]
[EventType "swiss"]
[EventRounds "9"]
[EventCountry "CAN"]
[SourceTitle "EXT 2022"]
[Source "ChessBase"]
[SourceDate "2021.10.06"]
[SourceVersion "1"]
[SourceVersionDate "2021.10.06"]
[SourceQuality "1"]

1. e4 d6 2. Nf3 c5 3. Nc3 Nf6 4. Be2 g6 5. O-O Bg7 6. b3 O-O 7. Bb2 a6 8. e5 dxe5 9. d3 Nc6 10. a4 Qc7 11. Qd2 Nd4 12. Bd1 Ng4 13. Nd5 Qd6 14. Qg5 Qxd5 15. Qh4 Bf6 16. Ng5 Nf5 17. Qxh7# 1-0

[Event "Scarborough CC ch reserves"]
[Site "Toronto CAN"]
[Date "2007.01.04"]
[Round "1"]
[White "Sherman, Joshua"]
[Black "Farrant-Diaz, Nathan"]
[Result "1-0"]
[WhiteElo "1701"]
[BlackElo "1402"]
[PlyCount "47"]
[GameId "2160767910739518"]
[EventDate "2007.01.04"]
[EventType "swiss"]
[EventRounds "9"]
[EventCountry "CAN"]
[SourceTitle "EXT 2022"]
[Source "ChessBase"]
[SourceDate "2021.10.06"]
[SourceVersion "1"]
[SourceVersionDate "2021.10.06"]
[SourceQuality "1"]

1. e4 c5 2. d4 e6 3. Nf3 Nc6 4. Nc3 Qb6 5. d5 Nd4 6. Bc4 Qc7 7. Nxd4 cxd4 8. Qxd4 e5 9. Qd3 Bc5 10. O-O d6 11. Na4 Bd4 12. c3 Bb6 13. Nxb6 Qxb6 14. Qg3 Kf8 15. Kh1 Nf6 16. Bd3 Bd7 17. f4 exf4 18. Bxf4 Re8 19. Bxd6+ Kg8 20. Rxf6 Qxb2 21. Raf1 Qxc3 22. Rxf7 Rc8 23. Rf8+ Rxf8 24. Rxf8# 1-0

[Event "Scarborough CC ch reserves"]
[Site "Toronto CAN"]
[Date "2007.01.04"]
[Round "1"]
[White "Smith, Maurice"]
[Black "Lung, Stephen"]
[Result "1/2-1/2"]
[WhiteElo "1795"]
[BlackElo "1529"]
[PlyCount "65"]
[GameId "2160767910739519"]
[EventDate "2007.01.04"]
[EventType "swiss"]
[EventRounds "9"]
[EventCountry "CAN"]
[SourceTitle "EXT 2022"]
[Source "ChessBase"]
[SourceDate "2021.10.06"]
[SourceVersion "1"]
[SourceVersionDate "2021.10.06"]
[SourceQuality "1"]

1. d4 d5 2. c4 Nf6 3. Nc3 e6 4. Bg5 dxc4 5. e3 Be7 6. Nf3 Nc6 7. Bxc4 O-O 8. O-O Re8 9. Rc1 a6 10. a3 h6 11. Bxf6 Bxf6 12. Ne4 Be7 13. Qc2 Bf8 14. Rfd1 Bd7 15. Qc3 Rc8 16. Nc5 Bxc5 17. dxc5 Qe7 18. Rd2 Red8 19. Rcd1 Be8 20. b4 Rxd2 21. Rxd2 Rd8 22. Rd3 Rxd3 23. Qxd3 Qd7 24. Qxd7 Bxd7 25. Kf1 Kf8 26. Ke2 Ke7 27. Kd3 Kf6 28. e4 Ne5+ 29. Nxe5 Kxe5 30. g3 g5 31. Ke3 Kf6 32. Kd4 e5+ 33. Kd3 1/2-1/2

[Event "Scarborough CC ch reserves"]
[Site "Toronto CAN"]
[Date "2007.01.11"]
[Round "2"]
[White "Armstrong, Robert J"]
[Black "Chuderski, Jan"]
[Result "1-0"]
[WhiteElo "1875"]
[BlackElo "1527"]
[PlyCount "79"]
[GameId "2160767910739521"]
[EventDate "2007.01.04"]
[EventType "swiss"]
[EventRounds "9"]
[EventCountry "CAN"]
[SourceTitle "EXT 2022"]
[Source "ChessBase"]
[SourceDate "2021.10.06"]
[SourceVersion "1"]
[SourceVersionDate "2021.10.06"]
[SourceQuality "1"]

1. d4 d5 2. c4 c6 3. e3 Nf6 4. Nf3 Bg4 5. Bd3 e6 6. O-O a6 7. Nc3 dxc4 8. Bxc4 b5 9. Be2 Bd6 10. e4 Be7 11. Be3 O-O 12. h3 Bxf3 13. Bxf3 Nbd7 14. Qe2 Qc7 15. Rac1 Rac8 16. Rfd1 Nb6 17. b3 Rfd8 18. Rc2 Qb8 19. Rdc1 Ba3 20. Rd1 Bf8 21. Bg5 Ne8 22. Bxd8 Rxd8 23. Rcd2 Bb4 24. Rd3 Nf6 25. Qb2 Be7 26. d5 exd5 27. exd5 Nfxd5 28. Nxd5 cxd5 29. Bxd5 Rxd5 30. Rxd5 Nxd5 31. Rxd5 Qc7 32. Qd2 Bf8 33. Rd7 Qe5 34. Rd8 Qa1+ 35. Kh2 Qe5+ 36. g3 Qc5 37. Ra8 Qb6 38. Kg1 b4 39. Qd8 Qc5 40. Rc8 1-0

[Event "Scarborough CC ch reserves"]
[Site "Toronto CAN"]
[Date "2007.01.11"]
[Round "2"]
[White "Ben Avraham, Mark"]
[Black "Farrant, David"]
[Result "0-1"]
[WhiteElo "1113"]
[BlackElo "1538"]
[PlyCount "83"]
[GameId "2160767910739522"]
[EventDate "2007.01.04"]
[EventType "swiss"]
[EventRounds "9"]
[EventCountry "CAN"]
[SourceTitle "EXT 2022"]
[Source "ChessBase"]
[SourceDate "2021.10.06"]
[SourceVersion "1"]
[SourceVersionDate "2021.10.06"]
[SourceQuality "1"]

1. e4 c5 2. Nf3 e6 3. d4 cxd4 4. Nxd4 a6 5. Nc3 Qc7 6. Be2 Nf6 7. Bg5 Nc6 8. Qd2 Bb4 9. Bxf6 gxf6 10. O-O b5 11. Rad1 Nxd4 12. Qxd4 Bxc3 13. bxc3 Qe5 14. Qe3 Bb7 15. Qd3 Bc6 16. Rfe1 Qxe4 17. Qg3 Qg6 18. Qh3 Rg8 19. f3 Ke7 20. Bd3 Qg7 21. Be4 Bxe4 22. Rxe4 Qg5 23. Red4 Qc5 24. Kh1 Ra7 25. Qxh7 Rg5 26. Qd3 d5 27. Re1 Re5 28. Rxe5 fxe5 29. Rg4 Rc7 30. h4 Qxc3 31. h5 Qxd3 32. cxd3 Rc8 33. Rh4 Rh8 34. g4 Kf6 35. Kh2 a5 36. Kg3 b4 37. g5+ Kxg5 38. f4+ exf4+ 39. Rxf4 f5 40. Rh4 Rxh5 41. Rxh5+ Kxh5 42. Kf4 0-1

[Event "Scarborough CC ch reserves"]
[Site "Toronto CAN"]
[Date "2007.01.11"]
[Round "2"]
[White "Dattani, Dinesh"]
[Black "Bellomo, Joe"]
[Result "0-1"]
[WhiteElo "1387"]
[BlackElo "1782"]
[PlyCount "94"]
[GameId "2160767910739523"]
[EventDate "2007.01.04"]
[EventType "swiss"]
[EventRounds "9"]
[EventCountry "CAN"]
[SourceTitle "EXT 2022"]
[Source "ChessBase"]
[SourceDate "2021.10.06"]
[SourceVersion "1"]
[SourceVersionDate "2021.10.06"]
[SourceQuality "1"]

1. e4 c5 2. Nf3 d6 3. d4 cxd4 4. Nxd4 Nf6 5. Nc3 a6 6. Be2 e6 7. Bg5 Be7 8. Qd2 O-O 9. O-O-O Qc7 10. f4 Rd8 11. a3 Nc6 12. Bc4 Na5 13. Ba2 Nc4 14. Qd3 Nb6 15. Rhf1 Nbd7 16. Rf3 Nc5 17. Qe3 Ng4 18. Qe2 Bxg5 19. fxg5 Ne5 20. Rg3 Bd7 21. b4 Na4 22. Nxa4 Bxa4 23. Bxe6 fxe6 24. Nxe6 Qe7 25. Nxd8 Rxd8 26. h4 Rc8 27. Rd2 Qe6 28. Kb1 Nc4 29. Rc3 Nxd2+ 30. Qxd2 Rxc3 31. Qxc3 Bc6 32. h5 Qxe4 33. h6 Qg6 34. hxg7 Qxg7 35. Qg3 Qe5 36. Qg4 Qe1+ 37. Kb2 Qe5+ 38. c3 Kg7 39. Qh5 Qe6 40. g3 Ba4 41. Kc1 Qe3+ 42. Kb2 Qd2+ 43. Ka1 Qxc3+ 44. Kb1 Bc2+ 45. Kc1 Bg6+ 46. Kd1 Bxh5+ 47. g4 Bxg4# 0-1

[Event "Scarborough CC ch reserves"]
[Site "Toronto CAN"]
[Date "2007.01.11"]
[Round "2"]
[White "Douglas, Steven1"]
[Black "Lung, Patrick"]
[Result "1-0"]
[WhiteElo "1589"]
[BlackElo "1500"]
[PlyCount "43"]
[GameId "2160767910739524"]
[EventDate "2007.01.04"]
[EventType "swiss"]
[EventRounds "9"]
[EventCountry "CAN"]
[SourceTitle "EXT 2022"]
[Source "ChessBase"]
[SourceDate "2021.10.06"]
[SourceVersion "1"]
[SourceVersionDate "2021.10.06"]
[SourceQuality "1"]

1. e4 e5 2. Bc4 Nc6 3. Nf3 Bc5 4. b4 Bxb4 5. c3 Bc5 6. d4 exd4 7. Qb3 Qf6 8. Bg5 Qg6 9. O-O Nf6 10. e5 Ng4 11. Bf4 O-O 12. h3 Nh6 13. Re1 b6 14. Qd1 Bb7 15. Nh4 Na5 16. Nxg6 hxg6 17. Bd3 dxc3 18. Nxc3 Bd4 19. Rc1 a6 20. Bc4 Bxc3 21. Rxc3 Nc6 22. Qxd7 1-0

[Event "Scarborough CC ch reserves"]
[Site "Toronto CAN"]
[Date "2007.01.11"]
[Round "2"]
[White "Graham, John"]
[Black "Moran, Mario"]
[Result "0-1"]
[WhiteElo "1573"]
[BlackElo "1630"]
[PlyCount "100"]
[GameId "2160767910739525"]
[EventDate "2007.01.04"]
[EventType "swiss"]
[EventRounds "9"]
[EventCountry "CAN"]
[SourceTitle "EXT 2022"]
[Source "ChessBase"]
[SourceDate "2021.10.06"]
[SourceVersion "1"]
[SourceVersionDate "2021.10.06"]
[SourceQuality "1"]

1. e4 c5 2. Nf3 Nc6 3. c3 Nf6 4. e5 Nd5 5. d4 cxd4 6. cxd4 e6 7. a3 Be7 8. Bc4 Nb6 9. Bb3 d5 10. Nc3 O-O 11. O-O Na5 12. Bc2 f5 13. Ne2 Bd7 14. b3 Rc8 15. Bd2 Nc6 16. Nf4 Qc7 17. Bd3 Nd8 18. Nh3 Nf7 19. Qe2 Qd8 20. Rfe1 g5 21. Bxf5 Rc6 22. Bg4 h6 23. Qd3 Nh8 24. Red1 Be8 25. Ne1 Bg6 26. Qe2 Qe8 27. Rdc1 Bd8 28. Rxc6 bxc6 29. Bb4 Rf7 30. Rc1 Rc7 31. f4 h5 32. Nxg5 hxg4 33. Qxg4 Bxg5 34. Qxg5 Rg7 35. Nf3 Be4 36. Qf6 Bxf3 37. Qxg7+ Kxg7 38. gxf3 Ng6 39. f5 exf5 40. Re1 Nh4 41. Kf2 Qh5 42. Re3 Ng6 43. Rc3 Qxh2+ 44. Ke3 f4+ 45. Kd3 Qb2 46. Rxc6 Qxb3+ 47. Rc3 Qb1+ 48. Ke2 Nc4 49. Rxc4 dxc4 50. d5 Qd3+ 0-1

[Event "Scarborough CC ch reserves"]
[Site "Toronto CAN"]
[Date "2007.01.11"]
[Round "2"]
[White "Haley, Phil"]
[Black "Wu, Aaron"]
[Result "0-1"]
[WhiteElo "1786"]
[BlackElo "1501"]
[PlyCount "62"]
[GameId "2160767910739526"]
[EventDate "2007.01.04"]
[EventType "swiss"]
[EventRounds "9"]
[EventCountry "CAN"]
[SourceTitle "EXT 2022"]
[Source "ChessBase"]
[SourceDate "2021.10.06"]
[SourceVersion "1"]
[SourceVersionDate "2021.10.06"]
[SourceQuality "1"]

1. e4 e6 2. d4 d5 3. e5 c5 4. c3 Nc6 5. Nf3 Nge7 6. Be2 Nf5 7. dxc5 Bxc5 8. b4 Bb6 9. O-O O-O 10. Bg5 Qc7 11. g4 Nfe7 12. a4 a6 13. Bxe7 Nxe7 14. Bd3 Ng6 15. Bxg6 fxg6 16. Qd3 Rf4 17. h3 Bd7 18. Kg2 Bc6 19. Kg3 Qf7 20. Nbd2 Rf8 21. Ng5 Qe7 22. h4 Bxf2+ 23. Rxf2 Rxf2 24. Ngf3 R2xf3+ 25. Nxf3 Qc7 26. Qe3 d4 27. Nxd4 Be4 28. Re1 Qxe5+ 29. Kh3 Rf1 30. Nf3 Rxe1 31. Nxe1 h5 0-1

[Event "Scarborough CC ch reserves"]
[Site "Toronto CAN"]
[Date "2007.01.11"]
[Round "2"]
[White "Karpik, Steve"]
[Black "London, John"]
[Result "1-0"]
[WhiteElo "1615"]
[BlackElo "1780"]
[PlyCount "99"]
[GameId "2160767910739527"]
[EventDate "2007.01.04"]
[EventType "swiss"]
[EventRounds "9"]
[EventCountry "CAN"]
[SourceTitle "EXT 2022"]
[Source "ChessBase"]
[SourceDate "2021.10.06"]
[SourceVersion "1"]
[SourceVersionDate "2021.10.06"]
[SourceQuality "1"]

1. Nf3 d5 2. c4 c6 3. b3 Nf6 4. Bb2 Qb6 5. Qc2 Nbd7 6. Nc3 e6 7. d4 dxc4 8. bxc4 Qa5 9. Nd2 e5 10. Nb3 Qc7 11. e3 Be7 12. Bd3 a6 13. c5 exd4 14. exd4 O-O 15. O-O h6 16. Rae1 Re8 17. Re2 Nd5 18. Nxd5 cxd5 19. Rfe1 Nf6 20. h3 Be6 21. Bf5 Bxf5 22. Qxf5 Rad8 23. Bc1 Ne4 24. Bf4 Qd7 25. Qxd7 Rxd7 26. f3 Nf6 27. Bd6 Kf8 28. Bxe7+ Rdxe7 29. Rxe7 Rxe7 30. Rxe7 Kxe7 31. Na5 Kd7 32. Nxb7 Nh5 33. Nd6 Nf4 34. Kf2 Ke7 35. Nf5+ Kf6 36. Ne3 Ke6 37. Nc2 Kd7 38. Kg3 Ne6 39. Kg4 a5 40. a4 g6 41. f4 Kc6 42. Kf3 Nxd4+ 43. Nxd4+ Kxc5 44. Ke3 Kb4 45. Nc6+ Kxa4 46. Kd4 Kb5 47. Nxa5 Kxa5 48. Kxd5 g5 49. f5 Kb4 50. Ke5 1-0

[Event "Scarborough CC ch reserves"]
[Site "Toronto CAN"]
[Date "2007.01.11"]
[Round "2"]
[White "Mesiti, Silvano"]
[Black "Zlatanov, Petar"]
[Result "1-0"]
[WhiteElo "1726"]
[BlackElo "1334"]
[PlyCount "57"]
[GameId "2160767910739528"]
[EventDate "2007.01.04"]
[EventType "swiss"]
[EventRounds "9"]
[EventCountry "CAN"]
[SourceTitle "EXT 2022"]
[Source "ChessBase"]
[SourceDate "2021.10.06"]
[SourceVersion "1"]
[SourceVersionDate "2021.10.06"]
[SourceQuality "1"]

1. e4 c5 2. Nf3 d6 3. d4 cxd4 4. Nxd4 Nf6 5. Nc3 g6 6. Be2 Bg7 7. O-O O-O 8. Be3 Nc6 9. Bc4 Ng4 10. Nxc6 bxc6 11. Bd2 Qc7 12. Be2 h5 13. h3 Ne5 14. Qc1 Be6 15. b3 Nd7 16. Rb1 a5 17. a4 Rfb8 18. Nd1 Rb6 19. Bc3 Rab8 20. Bxa5 Nc5 21. Qe3 Qb7 22. Bxb6 Qxb6 23. Nc3 Qb4 24. Nd1 Qa3 25. Nc3 Qb4 26. Na2 Qa3 27. Nc1 Nxa4 28. bxa4 Qxe3 29. Rxb8+ 1-0

[Event "Scarborough CC ch reserves"]
[Site "Toronto CAN"]
[Date "2007.01.11"]
[Round "2"]
[White "Paterson, Jim"]
[Black "Lung, Stephen"]
[Result "1/2-1/2"]
[WhiteElo "1529"]
[BlackElo "1735"]
[PlyCount "121"]
[GameId "2160767910739529"]
[EventDate "2007.01.04"]
[EventType "swiss"]
[EventRounds "9"]
[EventCountry "CAN"]
[SourceTitle "EXT 2022"]
[Source "ChessBase"]
[SourceDate "2021.10.06"]
[SourceVersion "1"]
[SourceVersionDate "2021.10.06"]
[SourceQuality "1"]

1. e4 g6 2. d4 Bg7 3. Nf3 d6 4. Nc3 Bg4 5. Be2 Nd7 6. h3 Bxf3 7. Bxf3 c6 8. O-O Ngf6 9. Re1 O-O 10. Be3 Qc7 11. Ne2 e5 12. c3 Rfe8 13. Ng3 a6 14. Qc2 Rad8 15. Rad1 b5 16. a3 Nb6 17. dxe5 dxe5 18. b3 h6 19. Rxd8 Rxd8 20. Rd1 Nc8 21. Rxd8+ Qxd8 22. Qd2 Qxd2 23. Bxd2 Nd6 24. Kf1 Kf8 25. Ke2 c5 26. Be3 c4 27. bxc4 Nxc4 28. Bc1 Ke8 29. Kd3 Kd7 30. a4 Kc6 31. Bd1 Bf8 32. Bb3 Nd6 33. axb5+ axb5 34. f4 Nd7 35. Bd5+ Kc7 36. fxe5 Nxe5+ 37. Kd4 Ndc4 38. Ne2 Kb6 39. Bxc4 Nxc4 40. Kd5 h5 41. g4 hxg4 42. hxg4 Bg7 43. Bf4 f6 44. g5 fxg5 45. Bxg5 Ne5 46. Bf4 Nd3 47. Be3+ Kc7 48. Bd4 Bxd4 49. Nxd4 g5 50. Nxb5+ Kd7 51. Nd4 g4 52. Ne2 Nb2 53. e5 Na4 54. c4 Nb6+ 55. Kd4 Ke6 56. c5 Nd7 57. Nf4+ Ke7 58. c6 Nb6 59. Nd5+ Nxd5 60. Kxd5 Kd8 61. Ke4 1/2-1/2

[Event "Scarborough CC ch reserves"]
[Site "Toronto CAN"]
[Date "2007.01.11"]
[Round "2"]
[White "Shah, Vanshil"]
[Black "Sherman, Joshua"]
[Result "0-1"]
[WhiteElo "989"]
[BlackElo "1701"]
[PlyCount "52"]
[GameId "2160767910739530"]
[EventDate "2007.01.04"]
[EventType "swiss"]
[EventRounds "9"]
[EventCountry "CAN"]
[SourceTitle "EXT 2022"]
[Source "ChessBase"]
[SourceDate "2021.10.06"]
[SourceVersion "1"]
[SourceVersionDate "2021.10.06"]
[SourceQuality "1"]

1. e4 e5 2. d3 Bc5 3. Nf3 d6 4. Bd2 Nf6 5. Be2 Nc6 6. Nc3 Bg4 7. Be3 Bb6 8. Qd2 Qd7 9. O-O-O Ba5 10. d4 Nxe4 11. Nxe4 Bxd2+ 12. Rxd2 Bxf3 13. gxf3 exd4 14. Bg5 Qf5 15. Rg1 f6 16. h4 fxg5 17. hxg5 O-O-O 18. Nc3 dxc3 19. bxc3 Qa5 20. Rh1 Qxa2 21. Rdd1 d5 22. g6 h6 23. f4 d4 24. Bg4+ Kb8 25. cxd4 Nxd4 26. c3 Qc2# 0-1

[Event "Scarborough CC ch reserves"]
[Site "Toronto CAN"]
[Date "2007.01.11"]
[Round "2"]
[White "Verde, Pino"]
[Black "Blackman, Gord"]
[Result "1-0"]
[WhiteElo "1586"]
[BlackElo "1402"]
[PlyCount "71"]
[GameId "2160767910739531"]
[EventDate "2007.01.04"]
[EventType "swiss"]
[EventRounds "9"]
[EventCountry "CAN"]
[SourceTitle "EXT 2022"]
[Source "ChessBase"]
[SourceDate "2021.10.06"]
[SourceVersion "1"]
[SourceVersionDate "2021.10.06"]
[SourceQuality "1"]

1. e4 c5 2. Nc3 e6 3. g3 d5 4. exd5 exd5 5. Bg2 Nf6 6. d3 Bd6 7. Nxd5 Nxd5 8. Bxd5 O-O 9. Be4 Re8 10. Be3 Nc6 11. Qd2 Nd4 12. c3 Nf5 13. O-O-O Nxe3 14. fxe3 Rb8 15. Ne2 b6 16. Rhf1 Bb7 17. Bxb7 Rxb7 18. c4 Rbe7 19. Rf3 Be5 20. Nf4 Bxf4 21. gxf4 Qd7 22. b3 Qg4 23. Rg3 Qh4 24. Rdg1 Qf6 25. Kb1 Kh8 26. Rxg7 Qxg7 27. Rxg7 Kxg7 28. e4 Rd8 29. Kc2 Kh8 30. Qf2 Red7 31. Qf3 Rd4 32. f5 Rg8 33. Qf2 f6 34. Qf1 Rg5 35. Kb2 Rg8 36. h3 1-0

[Event "Scarborough CC ch reserves"]
[Site "Toronto CAN"]
[Date "2007.01.11"]
[Round "2"]
[White "Xia, Linda"]
[Black "Perez, Michael"]
[Result "0-1"]
[WhiteElo "1205"]
[BlackElo "1653"]
[PlyCount "104"]
[GameId "2160767910739532"]
[EventDate "2007.01.04"]
[EventType "swiss"]
[EventRounds "9"]
[EventCountry "CAN"]
[SourceTitle "EXT 2022"]
[Source "ChessBase"]
[SourceDate "2021.10.06"]
[SourceVersion "1"]
[SourceVersionDate "2021.10.06"]
[SourceQuality "1"]

1. d4 d5 2. c4 e6 3. cxd5 exd5 4. Nc3 Nf6 5. Nf3 c6 6. Bf4 Bd6 7. Bxd6 Qxd6 8. e3 Bg4 9. Be2 Nbd7 10. O-O O-O 11. Qb3 Rab8 12. a4 Rfe8 13. Qa3 Qxa3 14. Rxa3 Ne4 15. a5 Bxf3 16. Bxf3 Nd2 17. Rfa1 Nc4 18. Rb3 f5 19. Nxd5 Nd2 20. Rb4 Nxf3+ 21. gxf3 cxd5 22. Rb5 Nf6 23. Rc5 Rec8 24. b4 Rxc5 25. bxc5 Kf7 26. a6 Ke7 27. Rb1 Nd7 28. axb7 Kd8 29. c6 Nb6 30. Rb5 Kc7 31. Rc5 a5 32. Rxa5 Kxc6 33. Kg2 Rxb7 34. Kg3 g5 35. h4 h6 36. f4 g4 37. h5 Nc4 38. Rc5+ Kd6 39. Rc8 Nd2 40. Rh8 Ne4+ 41. Kg2 Rb2 42. Rxh6+ Ke7 43. Rg6 Rxf2+ 44. Kg1 Rf3 45. h6 Rxe3 46. h7 Rh3 47. Rg7+ Kf6 48. Ra7 Kg6 49. Rd7 Nf6 50. Rd6 Rxh7 51. Kg2 Rh3 52. Kf2 Rf3+ 0-1

[Event "Scarborough CC ch reserves"]
[Site "Toronto CAN"]
[Date "2007.01.18"]
[Round "3"]
[White "Blackman, Gord"]
[Black "Dattani, Dinesh"]
[Result "1-0"]
[WhiteElo "1671"]
[BlackElo "1347"]
[PlyCount "91"]
[GameId "2160767910739533"]
[EventDate "2007.01.04"]
[EventType "swiss"]
[EventRounds "9"]
[EventCountry "CAN"]
[SourceTitle "EXT 2022"]
[Source "ChessBase"]
[SourceDate "2021.10.06"]
[SourceVersion "1"]
[SourceVersionDate "2021.10.06"]
[SourceQuality "1"]

1. c4 Nf6 2. Nc3 g6 3. d4 Bg7 4. e4 d6 5. f3 O-O 6. Be3 e5 7. d5 Nh5 8. Qd2 Qh4+ 9. g3 Nxg3 10. Bf2 Nxf1 11. Bxh4 Nxd2 12. Kxd2 f5 13. Nge2 fxe4 14. fxe4 a6 15. Rhf1 Bh3 16. Rxf8+ Bxf8 17. a4 Nd7 18. Bg5 h6 19. Be3 Nf6 20. Rg1 Kh7 21. Rg3 Bg4 22. h3 Bh5 23. Rg1 g5 24. Ng3 Bg6 25. Rf1 Be7 26. Nf5 Bd8 27. b3 b5 28. Kd3 bxa4 29. bxa4 Rb8 30. Rb1 Rxb1 31. Nxb1 g4 32. hxg4 Nxg4 33. Nd2 Nxe3 34. Nxe3 Bg5 35. Nf3 Bf4 36. Ng2 Bg3 37. Nfh4 h5 38. Nxg6 Kxg6 39. Ke2 Kg5 40. Kf3 h4 41. Ne3 Bf4 42. Nf5 h3 43. Ng7 h2 44. Kg2 Kg4 45. Ne6 Kh4 46. Nxc7 1-0

[Event "Scarborough CC ch reserves"]
[Site "Toronto CAN"]
[Date "2007.01.18"]
[Round "3"]
[White "Lung, Patrick"]
[Black "Haley, Phil"]
[Result "1-0"]
[WhiteElo "1491"]
[BlackElo "1786"]
[PlyCount "75"]
[GameId "2160767910739534"]
[EventDate "2007.01.04"]
[EventType "swiss"]
[EventRounds "9"]
[EventCountry "CAN"]
[SourceTitle "EXT 2022"]
[Source "ChessBase"]
[SourceDate "2021.10.06"]
[SourceVersion "1"]
[SourceVersionDate "2021.10.06"]
[SourceQuality "1"]

1. e4 d5 2. exd5 Qxd5 3. Nc3 Qd6 4. Nf3 Nf6 5. d3 a6 6. h3 b5 7. a3 Bb7 8. g3 e6 9. Bg2 Be7 10. O-O O-O 11. Bf4 Qd8 12. Re1 c5 13. Qd2 Re8 14. Rab1 Nbd7 15. b4 Rc8 16. Na2 Ba8 17. Rec1 Nd5 18. c4 Nxf4 19. Qxf4 Nf6 20. Qe3 cxb4 21. axb4 Rb8 22. c5 Nd5 23. Qd2 Bf6 24. Rc2 Rc8 25. Kh2 Qc7 26. Rbc1 h5 27. h4 g6 28. Kg1 Bg7 29. Rb1 Kh7 30. Ng5+ Kg8 31. Nf3 Kh7 32. Rd1 Bh6 33. Qe1 Bg7 34. d4 Bc6 35. Qe2 f6 36. Qe1 Qf7 37. Re2 Rc7 38. Bh3 1-0

[Event "Scarborough CC ch reserves"]
[Site "Toronto CAN"]
[Date "2007.01.18"]
[Round "3"]
[White "Moran, Mario"]
[Black "Shah, Vanshil"]
[Result "1-0"]
[WhiteElo "1630"]
[BlackElo "989"]
[PlyCount "51"]
[GameId "2160767910739535"]
[EventDate "2007.01.04"]
[EventType "swiss"]
[EventRounds "9"]
[EventCountry "CAN"]
[SourceTitle "EXT 2022"]
[Source "ChessBase"]
[SourceDate "2021.10.06"]
[SourceVersion "1"]
[SourceVersionDate "2021.10.06"]
[SourceQuality "1"]

1. f4 e5 2. fxe5 d6 3. exd6 Bxd6 4. Nf3 Be5 5. Nxe5 Nf6 6. d4 Ne4 7. Nf3 Bg4 8. Qd3 f5 9. Bg5 Qd7 10. Ne5 Qd6 11. Nxg4 h6 12. Be3 Qb6 13. Bc1 Nc6 14. c3 Rd8 15. Nf2 Ne5 16. Qe3 c5 17. dxe5 Rd7 18. Nxe4 O-O 19. Qxc5 Qd8 20. Nd6 b6 21. Qc4+ Rff7 22. Nxf7 Qh4+ 23. Qxh4 g5 24. Nxh6+ Kf8 25. Qxg5 Rg7 26. Qd8# 1-0

[Event "Scarborough CC ch reserves"]
[Site "Toronto CAN"]
[Date "2007.01.18"]
[Round "3"]
[White "Philip, Andrew"]
[Black "Zlatanov, Petar"]
[Result "1-0"]
[WhiteElo "1698"]
[BlackElo "1334"]
[PlyCount "53"]
[GameId "2160767910739537"]
[EventDate "2007.01.04"]
[EventType "swiss"]
[EventRounds "9"]
[EventCountry "CAN"]
[SourceTitle "EXT 2022"]
[Source "ChessBase"]
[SourceDate "2021.10.06"]
[SourceVersion "1"]
[SourceVersionDate "2021.10.06"]
[SourceQuality "1"]

1. d4 Nf6 2. Bg5 e6 3. c4 c6 4. Nc3 h6 5. Bh4 Be7 6. e4 d5 7. e5 Ne4 8. Bxe7 Qxe7 9. Qc2 Nxc3 10. bxc3 O-O 11. Nf3 Nd7 12. c5 b5 13. Bd3 f5 14. exf6 Nxf6 15. Ne5 Bb7 16. O-O Rac8 17. Rae1 Rfe8 18. f4 a5 19. f5 Rc7 20. fxe6 Qxe6 21. Bf5 Qe7 22. Bg6 Rb8 23. Nxc6 Qf8 24. Nxb8 Qxb8 25. Rxf6 gxf6 26. Re8+ Qxe8 27. Bxe8 1-0